Fundamentals of differential equations and boundary value problems / (Record no. 217287)
[ view plain ]
| 000 -LEADER | |
|---|---|
| fixed length control field | 01441 a2200241 4500 |
| 003 - CONTROL NUMBER IDENTIFIER | |
| control field | Nust |
| 005 - DATE AND TIME OF LATEST TRANSACTION | |
| control field | 20221121101938.0 |
| 010 ## - LIBRARY OF CONGRESS CONTROL NUMBER | |
| LC control number | 95010162 |
| 020 ## - INTERNATIONAL STANDARD BOOK NUMBER | |
| International Standard Book Number | 020180879X |
| 040 ## - CATALOGING SOURCE | |
| Transcribing agency | Nust |
| 082 00 - DEWEY DECIMAL CLASSIFICATION NUMBER | |
| Classification number | 515.35,NAG |
| 100 1# - MAIN ENTRY--PERSONAL NAME | |
| Personal name | Nagle, R. Kent. |
| 9 (RLIN) | 103234 |
| 245 10 - TITLE STATEMENT | |
| Title | Fundamentals of differential equations and boundary value problems / |
| Statement of responsibility, etc. | R. Kent Nagle & Edward B. Saff. |
| 250 ## - EDITION STATEMENT | |
| Edition statement | 2nd ed. / |
| Remainder of edition statement | with contributions by A.D. Snider. |
| 260 ## - PUBLICATION, DISTRIBUTION, ETC. | |
| Place of publication, distribution, etc. | Reading, Mass. : |
| Name of publisher, distributor, etc. | Addison-Wesley, |
| Date of publication, distribution, etc. | c1996. |
| 300 ## - PHYSICAL DESCRIPTION | |
| Extent | xx, 834, 10, 38, 6 p. : |
| Other physical details | ill. (some col.) ; |
| Dimensions | 24 cm. |
| 505 ## - FORMATTED CONTENTS NOTE | |
| Formatted contents note | Introduction (Page-1), First-Order Differential Equations (Page-35), Mathematical Models and Numerical Methods Involving First-Order Equations (Page-86), Linear Second-Order Equations (Page-150), Introduction to Systems and Phase Plane Analysis (Page-240), Theory of Higher-Order Linear Differential Equations (Page-321), Laplace Transforms (Page-351), Series Solutions of Differential Equations (Page-429), Matrix Methods for Linear Systems (Page-513), Partial Differential Equations (Page-573), Eigenvalue Problems and Sturm-Liouville Equations (Page-658), Stability of Autonomous Systems (Page-734), Existence and Uniqueness Theory (Page-805). |
| 650 #0 - SUBJECT ADDED ENTRY--TOPICAL TERM | |
| Topical term or geographic name entry element | Boundary value problems. |
| 9 (RLIN) | 689 |
| 650 #0 - SUBJECT ADDED ENTRY--TOPICAL TERM | |
| Topical term or geographic name entry element | Differential equations. |
| 9 (RLIN) | 688 |
| 700 1# - ADDED ENTRY--PERSONAL NAME | |
| Personal name | Saff, E. B., |
| Dates associated with a name | 1944- |
| 9 (RLIN) | 103235 |
| 700 1# - ADDED ENTRY--PERSONAL NAME | |
| Personal name | Snider, Arthur David, |
| Dates associated with a name | 1940- |
| 9 (RLIN) | 34526 |
| 942 ## - ADDED ENTRY ELEMENTS (KOHA) | |
| Koha item type | Book |
| Source of classification or shelving scheme | |
| Call number prefix | 515.35,NAG |
| Withdrawn status | Lost status | Source of classification or shelving scheme | Damaged status | Not for loan | Collection code | Permanent Location | Current Location | Date acquired | Total Checkouts | Full call number | Barcode | Date last seen | Price effective from | Koha item type |
|---|---|---|---|---|---|---|---|---|---|---|---|---|---|---|
| Military College of Signals (MCS) | Military College of Signals (MCS) | 12/12/2016 | 515.35 NAG | MCS26735 | 12/08/2016 | 12/12/2016 | Book |
